Statistics for Second Biggest Countries by Area A-Z

Click here to take the quiz!

General Stats

  • This quiz has been taken 25 times
  • The average score is 17 of 21

Answer Stats

Letter Country % Correct
AArgentina
95%
ZZimbabwe
95%
CChina
91%
IIndonesia
91%
PPakistan
86%
FFinland
86%
VVietnam
86%
BBolivia
86%
RRepublic of the Congo
82%
NNigeria
82%
SSudan
82%
UUkraine
82%
KKenya
82%
MMongolia
82%
HHungary
82%
JJordan
77%
LLaos
77%
EEgypt
73%
TTurkey
73%
GGabon
64%
DDominican Republic
59%

Score Distribution

Percentile by Number Answered

Percent of People with Each Score

Your Score History

You have not taken this quiz